Cobra Kai Characters Quiz - Statistics

General Stats
  • This quiz has been taken 1,132 times
  • The average score is 13 of 16
Answer Stats
Picture Answer % Correct
Miguel Diaz
96%
Robby Keene
95%
Tory Nichols
95%
John Kreese
93%
Samantha LaRusso
93%
Eli Moskowitz
90%
Terry Silver
89%
Daniel LaRusso
87%
Johny Lawrence
85%
Kenny Payne
81%
Chozen Toguchi
78%
Amanda LaRusso
77%
Anthony LaRusso
74%
Demetri Alexopoulos
63%
Aisha Robinson
60%
Carnen Diaz
58%
No matching quizzes found
Score Distribution
Percent of People with Each Score
Percentile by Number Answered
Your Score History
You have not taken this quiz